01078 2200373 4500001002100000005001700021008004100038020002200079035002400101040001200125082001500137084001700152100001900169245014100188250001100329260002600340300003500366500004400401500001100445650002000456700002400476700002200500850001200522990001700534990001700551990001700568990001700585990001700602990001700619990001700636990001700653990001700670990001700687INLIS00000000002182820160805105524.0  a978-602-1637-76-0 0010-081600000000185 aYOPDYOG 223a646.72 a646.72 Hir R aHIROMI, SHINYA aRevolusi awet mudab: rahasia anti-aging ala Dr. Shinyac/ Hiromi Shinya; penerjemah, Dian Kusuma Wardani; penyunting, Kanya Puspokusumo aCet. 1 aBandungbQanitac2015 ax, 226 hlm.b: ilus.c; 19 cm. aJudul asli ; Nijyusai Wakagaeru Chikara aIndeks aKecantikan Diri aDian Kusuma Wardani aKanya Puspokusumo aYOPDYOG a9459-KS/B.16 a9460-KS/B.16 a9461-KS/B.16 a9462-KS/B.16 a9463-KS/B.16 a9464-KS/B.16 a9465-KS/B.16 a9466-KS/B.16 a9467-KS/B.16 a9468-KS/B.16